000 00287nam a22001337a 4500
008 170612b xxu||||| |||| 00| 0 eng d
020 _a9780865716063
041 _aeng
080 _a32
100 _a19
101 _aSHP
245 _aREINVENTING COLLAPSE
_cORLOW, D
942 _2udc
_cBK
999 _c16918
_d16918